Bẻ khóa bí mật triệu phú : Khám phá tư duy làm giàu

Khám phá những bí mật thú vị trong tầng lớp trung lưu Hoa Kỳ về làm giàu

Gespeichert in:
Bibliographische Detailangaben
1. Verfasser: Stanley, Thomas J.
Format: Buch
Sprache:Undetermined
Veröffentlicht: Thành phố Hồ chí Minh Tổng hợp 2014
Schlagworte:
Tags: Tag hinzufügen
Keine Tags, Fügen Sie den ersten Tag hinzu!
Thư viện lưu trữ: Trung tâm Học liệu Trường Đại học Cần Thơ
LEADER 00819nam a2200217Ia 4500
001 CTU_202789
008 210402s9999 xx 000 0 und d
020 |c 58000 
082 |a 650.12 
082 |b S789 
100 |a Stanley, Thomas J. 
245 0 |a Bẻ khóa bí mật triệu phú : 
245 0 |b Khám phá tư duy làm giàu 
245 0 |c Thomas J Stanley, Willam D.Danko ; Biên dịch: Hồng Vân, Hoài Nguyên 
260 |a Thành phố Hồ chí Minh 
260 |b Tổng hợp 
260 |c 2014 
520 |a Khám phá những bí mật thú vị trong tầng lớp trung lưu Hoa Kỳ về làm giàu 
650 |a Trí tuệ trong kinh doanh,Business intelligence 
904 |i Nguyên 
980 |a Trung tâm Học liệu Trường Đại học Cần Thơ